[Event "4NCL/Div3/BRI2 vs. WGR3"]
[Site "West Bromwich ENG"]
[Date "2004.03.28"]
[Round "6.3"]
[White "White, Michael"]
[Black "Maduekwe, Chiedu"]
[Result "1/2-1/2"]
[WhiteElo "2068"]
[BlackElo "2127"]
[PlyCount "105"]
[EventDate "2004.03.28"]

1. e4 c6 2. d4 d5 3. exd5 cxd5 4. c4 Nf6 5. Nc3 e6 6. Nf3 Bb4 7. cxd5 Nxd5 8.
Qc2 Nc6 9. Be2 O-O 10. O-O Re8 11. Rd1 Bf8 12. a3 h6 13. Ne4 Bd7 14. Ne5 Rc8
15. Qd3 f5 16. Ng3 Nxe5 17. dxe5 Ba4 18. Re1 Bc2 19. Qf3 g6 20. Bd3 Qa5 21. Rf1
Bxd3 22. Qxd3 Red8 23. Qe2 Qa4 24. Rd1 Rc2 25. Qd3 Rdc8 26. b3 Qc6 27. Bd2 Qd7
28. Kf1 Bg7 29. f4 Bf8 30. b4 Qc6 31. Ne2 Qc4 32. Qxc4 R8xc4 33. Rac1 Kf7 34.
Ke1 Be7 35. g3 a6 36. h4 Bd8 37. Rxc2 Rxc2 38. Rc1 Rxc1+ 39. Nxc1 Bb6 40. Ke2
Ke7 41. Nd3 {=} 41... Kd7 42. Nb2 Bd4 43. Nd1 b5 44. Kf3 h5 45. Ke2 Kc6 46. Kd3
Bg1 47. Be3 Nxe3 48. Nxe3 Bf2 49. Nf1 Kd5 50. Ke2 Bd4 51. Kd3 Bb2 52. Ne3+ Kc6
53. Nc2 1/2-1/2

[Event "4NCL/Div3/BRI2 vs. WGR3"]
[Site "West Bromwich ENG"]
[Date "2004.03.28"]
[Round "6.5"]
[White "Stock, Toby"]
[Black "Hasman, Cengiz"]
[Result "0-1"]
[WhiteElo "2048"]
[BlackElo "2032"]
[PlyCount "54"]
[EventDate "2004.03.28"]

1. d4 Nf6 2. c4 g6 3. Nc3 Bg7 4. e4 d6 5. f3 b6 6. Bd3 Nbd7 7. Be3 c5 8. Nge2
Bb7 9. Qd2 h5 10. b3 a6 11. Rc1 Rc8 12. O-O O-O 13. d5 Re8 14. h3 Nf8 15. f4 e6
16. a4 Rc7 17. Rf3 Bc8 18. e5 N6h7 19. exd6 Rd7 20. a5 exd5 21. cxd5 Rxd6 22.
axb6 Qxb6 23. Na4 Qxb3 24. Bxc5 Rxd5 25. Nb6 Rxc5 26. Rxc5 Qxb6 27. Qc2 Ne6 0-1

[Event "4NCL/Div3/BRI2 vs. WGR3"]
[Site "West Bromwich ENG"]
[Date "2004.03.28"]
[Round "6.6"]
[White "Cutmore, David A"]
[Black "Boyce, G Michael"]
[Result "1-0"]
[WhiteElo "2102"]
[BlackElo "2000"]
[PlyCount "82"]
[EventDate "2004.03.28"]

1. d4 Nf6 2. c4 e6 3. Nc3 Bb4 4. f3 d5 5. a3 Bxc3+ 6. bxc3 c5 7. cxd5 Nxd5 8.
dxc5 Qa5 9. e4 Ne7 10. Be3 O-O 11. Qb3 Na6 12. Bxa6 Qxa6 13. Ne2 e5 14. Rb1 Nc6
15. Kf2 Na5 16. Qb5 Qxb5 17. Rxb5 Nc4 18. Bc1 Rd8 19. Rb4 a5 20. Rxc4 Be6 21.
Rd4 exd4 22. cxd4 Bc4 23. Be3 Bxe2 24. Kxe2 f6 25. Rb1 Rd7 26. Kd3 Ra6 27. a4
Kf7 28. Rb5 Ke8 29. d5 Kd8 30. Kc4 Kc8 31. Bf4 Kd8 32. Bd2 Kc8 33. Bxa5 Re7 34.
Kd4 Rd7 35. f4 Rf7 36. d6 Rf8 37. Kd5 Rf7 38. Ke6 Rd7 39. e5 fxe5 40. fxe5 g5
41. Kf6 b6 1-0

[Event "4NCL/Div3/BRI2 vs. WGR3"]
[Site "West Bromwich ENG"]
[Date "2004.03.28"]
[Round "6.7"]
[White "Djabri, Kathy"]
[Black "Hillman, Jamie O"]
[Result "1/2-1/2"]
[WhiteElo "2042"]
[BlackElo "1972"]
[PlyCount "23"]
[EventDate "2004.03.28"]

1. e4 c6 2. d4 d5 3. exd5 cxd5 4. c4 Nf6 5. Nc3 Nc6 6. Be3 e6 7. Nf3 Be7 8. Be2
O-O 9. O-O dxc4 10. Bxc4 Nd5 11. a3 Bf6 12. Qd2 1/2-1/2

[Event "4NCL/Div3/BRI2 vs. WGR3"]
[Site "West Bromwich ENG"]
[Date "2004.03.28"]
[Round "6.8"]
[White "Kikoyo, Ali"]
[Black "Humphreys, Jerry"]
[Result "1/2-1/2"]
[WhiteElo "1768"]
[BlackElo "2073"]
[PlyCount "87"]
[EventDate "2004.03.28"]

1. e4 c5 2. Nf3 e6 3. d4 cxd4 4. Nxd4 Nf6 5. Nc3 d6 6. Be2 Be7 7. O-O a6 8. a4
Nc6 9. Be3 Qc7 10. f4 O-O 11. Qe1 Nxd4 12. Bxd4 e5 13. Be3 exf4 14. Rxf4 Be6
15. Qf2 Nd7 16. Bd4 Rac8 17. Rd1 Ne5 18. Qg3 f6 19. Kh1 Kh8 20. h3 Rfd8 21. Qf2
Qc6 22. Bd3 Rf8 23. Qg3 Nxd3 24. Rxd3 b5 25. Rf2 b4 26. Nd5 Bxd5 27. exd5 Qxa4
28. b3 Qd7 29. Re3 Rf7 30. Rfe2 Bf8 31. Re6 Qb5 32. Qf3 Kg8 33. Qg4 Qxd5 34.
Bxf6 h5 35. Qg6 Rxf6 36. Rxf6 Qd1+ 37. Kh2 Qxe2 38. Qf7+ Kh8 39. Rf5 Rc5 40.
Qxf8+ Kh7 41. Rxc5 dxc5 42. Qxc5 g6 43. h4 Qe4 44. g3 1/2-1/2

[Event "4NCL/Div3/SCS vs. NLIB1"]
[Site "West Bromwich ENG"]
[Date "2004.03.28"]
[Round "6.1"]
[White "Reynolds, D Ian"]
[Black "Williams, Leighton"]
[Result "0-1"]
[WhiteElo "2103"]
[BlackElo "2362"]
[PlyCount "64"]
[EventDate "2004.03.28"]

1. e4 c5 2. c3 g6 3. d4 cxd4 4. cxd4 d5 5. exd5 Nf6 6. Bb5+ Bd7 7. Bc4 Bg7 8.
Nf3 O-O 9. O-O b5 10. Bb3 Bf5 11. Bg5 Ne4 12. Bf4 Nd7 13. Nbd2 Nb6 14. Nxe4
Bxe4 15. d6 exd6 16. Re1 Bb7 17. Bg5 Bxf3 18. Qd2 Bf6 19. Bxf6 Qxf6 20. gxf3
Qxf3 21. Re3 Qf4 22. Rae1 Qg5+ 23. Kh1 Nd5 24. Rg1 Qf5 25. Reg3 Kg7 26. Bc2 Qf4
27. Qxf4 Nxf4 28. Re3 Rac8 29. Bb3 a5 30. a4 bxa4 31. Bxa4 Rc4 32. Re4 Nh3 0-1

[Event "4NCL/Div3/SCS vs. NLIB1"]
[Site "West Bromwich ENG"]
[Date "2004.03.28"]
[Round "6.2"]
[White "Rees, Ioan"]
[Black "Mooring, Ross A C"]
[Result "1-0"]
[WhiteElo "2179"]
[BlackElo "2040"]
[PlyCount "59"]
[EventDate "2004.03.28"]

1. d4 e6 2. c4 Nf6 3. Nc3 b6 4. a3 Bb7 5. d5 d6 6. g3 c6 7. Bg2 Be7 8. Nh3 cxd5
9. cxd5 O-O 10. O-O e5 11. b4 Nbd7 12. e4 a5 13. Rb1 Ba6 14. Re1 Qc7 15. Bd2
axb4 16. axb4 Rfc8 17. Rc1 Qb8 18. f4 exf4 19. gxf4 b5 20. Kh1 Nf8 21. e5 Ne8
22. Nf2 Bh4 23. Qe2 Qb6 24. Be3 Qb7 25. Nce4 Ng6 26. exd6 Qd7 27. Rc6 Bxf2 28.
Qxf2 Qd8 29. Bb6 Qh4 30. Qxh4 1-0

[Event "4NCL/Div3/SCS vs. NLIB1"]
[Site "West Bromwich ENG"]
[Date "2004.03.28"]
[Round "6.3"]
[White "Poobalasingam, Peter S"]
[Black "Fish, Andrew"]
[Result "1-0"]
[WhiteElo "2020"]
[BlackElo "2109"]
[PlyCount "87"]
[EventDate "2004.03.28"]

1. d4 Nf6 2. c4 g6 3. Nc3 Bg7 4. e4 d6 5. f4 O-O 6. Nf3 c5 7. d5 e6 8. Be2 Re8
9. O-O exd5 10. exd5 Bf5 11. Bd3 Qd7 12. Rb1 Na6 13. a3 Ng4 14. Qc2 Bxd3 15.
Qxd3 Re7 16. f5 gxf5 17. h3 Ne5 18. Nxe5 Rxe5 19. Bf4 Ree8 20. Nb5 Re4 21. Qg3
Kh8 22. Nxd6 Bd4+ 23. Kh1 Rg8 24. Qf3 Re7 25. Bh2 Re3 26. Qh5 f6 27. Nf7+ Kg7
28. Nh6 Qe8 29. Nxf5+ Kh8 30. Qxe8 Rexe8 31. Nxd4 cxd4 32. Bg1 Re2 33. Bxd4
Rgxg2 34. Bxf6+ Kg8 35. Rg1 Rxg1+ 36. Rxg1+ Kf7 37. Bd4 Re4 38. Rg4 Re1+ 39.
Kg2 b6 40. Rg7+ Kf8 41. Rxa7 Nc5 42. Bxc5+ bxc5 43. Rb7 Rc1 44. b3 1-0

[Event "4NCL/Div3/SCS vs. NLIB1"]
[Site "West Bromwich ENG"]
[Date "2004.03.28"]
[Round "6.4"]
[White "Borg, Andrew"]
[Black "Bland, David"]
[Result "1-0"]
[WhiteElo "2123"]
[BlackElo "2006"]
[PlyCount "143"]
[EventDate "2004.03.28"]

1. d4 d5 2. c4 c6 3. Nf3 Nf6 4. Qc2 e6 5. Bg5 Be7 6. Nbd2 O-O 7. e3 Nbd7 8. Bd3
h6 9. Bh4 a6 10. O-O dxc4 11. Nxc4 Nh5 12. Bxe7 Qxe7 13. Nce5 Nhf6 14. Rac1
Nxe5 15. Nxe5 Bd7 16. Qb3 Rab8 17. Rc2 Rfc8 18. Rfc1 Be8 19. a3 Nd5 20. Qa2 Qg5
21. Nf3 Qe7 22. b4 Bd7 23. Qb3 Rc7 24. Ne5 Rbc8 25. Rc5 Be8 26. Bb1 Nb6 27. Qc2
g6 28. Rc3 Nd7 29. Nd3 Nf6 30. Nc5 Nd7 31. Qe4 Nxc5 32. bxc5 Kg7 33. Rb3 Rd8 {=
} 34. f4 Rdd7 35. Bd3 f6 36. Bc4 Bf7 37. Rcb1 Rd8 38. a4 Rdd7 39. a5 Bg8 40.
Rb6 Bf7 41. Rf1 Qe8 42. g4 f5 43. Qe5+ Kh7 44. h3 Qh8 {=} 45. Kg2 Qxe5 46. fxe5
Re7 47. Rb2 Kg7 48. Rbf2 Bg8 49. Kg3 Bf7 50. h4 Bg8 51. Kf4 fxg4 52. Kxg4 Rf7
53. Rf6 Rxf6 54. exf6+ Kf8 55. Kf3 Bf7 56. Ke4 Ke8 57. Ke5 Kd7 58. Rg1 Rc8 59.
Bd3 Rg8 60. e4 g5 61. hxg5 Rxg5+ 62. Rxg5 hxg5 63. Be2 Ke8 64. Bf3 Bg8 65. Bg4
Bf7 66. Bxe6 Bxe6 67. Kxe6 g4 68. f7+ Kf8 69. Kf6 g3 70. e5 g2 71. e6 g1=Q 72.
e7# 1-0

[Event "4NCL/Div3/SCS vs. NLIB1"]
[Site "West Bromwich ENG"]
[Date "2004.03.28"]
[Round "6.5"]
[White "Lutton, J Arnold"]
[Black "Morris, Gareth"]
[Result "0-1"]
[WhiteElo "1680"]
[BlackElo "2137"]
[PlyCount "72"]
[EventDate "2004.03.28"]

1. e4 c5 2. Nc3 Nc6 3. f4 g6 4. Nf3 Bg7 5. Bb5 Nd4 6. Bd3 d6 7. Nxd4 cxd4 8.
Ne2 Nh6 9. O-O Qb6 10. a4 a6 11. Kh1 f5 12. Ng3 fxe4 13. Bxe4 O-O 14. Qe2 Kh8
15. Qd3 Nf5 16. b3 Nxg3+ 17. hxg3 Be6 18. Bb2 d5 19. Bxg6 hxg6 20. Qxg6 Rf6 21.
Qg5 Kh7 22. d3 Rh6+ 23. Kg1 Bf6 24. Qxh6+ Kxh6 25. f5 Bf7 26. Rae1 Bg5 27. g4
Be3+ 28. Kh2 Kg5 29. g3 Kxg4 30. Kg2 Qd6 31. Rf3 Qh6 32. Rexe3 Qh3+ 33. Kg1
dxe3 34. Rxe3 d4 35. Re4+ Kxg3 36. Bxd4 Qg2# 0-1

[Event "4NCL/Div3/SCS vs. NLIB1"]
[Site "West Bromwich ENG"]
[Date "2004.03.28"]
[Round "6.6"]
[White "Young, Alan"]
[Black "Bigio, Jacob"]
[Result "1-0"]
[WhiteElo "2027"]
[BlackElo "1608"]
[PlyCount "129"]
[EventDate "2004.03.28"]

1. e4 e6 2. Nf3 d5 3. Nc3 c5 4. exd5 exd5 5. Bb5+ Bd7 6. Qe2+ Qe7 7. Bxd7+ Nxd7
8. Nxd5 Qxe2+ 9. Kxe2 O-O-O 10. Re1 Nh6 11. d3 Nf5 12. Bf4 f6 13. Kf1 Bd6 14.
g4 Bxf4 15. Nxf4 Nh6 16. Ne6 Rde8 17. Nxg7 Reg8 18. Nf5 Nxf5 19. gxf5 Rg4 20.
Re4 Rhg8 21. Rae1 Kd8 22. Rxg4 Rxg4 23. Re4 Rg7 24. b4 cxb4 25. Nd4 Re7 26.
Ne6+ Kc8 27. Rxb4 b6 28. d4 Nb8 29. d5 Kd7 30. c4 Kd6 31. c5+ Kxd5 32. cxb6
axb6 33. Rxb6 Nd7 34. Rb7 Rf7 35. Nf8 Rxf8 36. Rxd7+ Ke5 37. Rd1 Kxf5 38. a4
Ra8 39. Ra1 Ra5 40. Ke2 Kg4 41. Ra3 f5 42. Ke3 Kh3 43. Kf4+ Kxh2 44. Kg5 Kg2
45. f4 Kf2 46. Kh6 Ke2 47. Kxh7 Ra6 48. a5 Kd2 49. Kg7 Kc2 50. Kf7 Kb2 51. Rg3
Rxa5 52. Rg5 Kc3 53. Kg6 Kd4 54. Rxf5 Ra1 55. Rf8 Ke4 56. f5 Rg1+ 57. Kf6 Rf1
58. Ke6 Ra1 59. f6 Ra6+ 60. Kf7 Kf5 61. Kg7 Ra7+ 62. f7 Ra1 63. Rg8 Rg1+ 64.
Kf8 Re1 65. Rg2 1-0

[Event "4NCL/Div3/SCS vs. NLIB1"]
[Site "West Bromwich ENG"]
[Date "2004.03.28"]
[Round "6.7"]
[White "Lowry-O'Reilly, Hannah"]
[Black "Arnold, Chris"]
[Result "1/2-1/2"]
[WhiteElo "1352"]
[BlackElo "2045"]
[PlyCount "89"]
[EventDate "2004.03.28"]

1. d4 d5 2. c4 c6 3. cxd5 cxd5 4. Nc3 Nc6 5. Bf4 Bf5 6. e3 e6 7. a3 a6 8. Bd3
Bxd3 9. Qxd3 Nf6 10. h3 Be7 11. Nf3 O-O 12. O-O Nd7 13. Rac1 g5 14. Bh2 h5 15.
Nd2 f5 16. f3 Qe8 17. Kf2 Qg6 18. Ke2 g4 19. Bf4 Bg5 20. Bxg5 Qxg5 21. hxg4
hxg4 22. f4 Qf6 23. Rh1 Kg7 24. Rh2 Rh8 25. Rch1 Rxh2 26. Rxh2 Rh8 27. Rxh8
Kxh8 28. Qb1 Qh4 29. Qe1 Qxe1+ 30. Kxe1 Nb6 31. g3 {=} 31... Na5 32. Ke2 Kg7
33. Kd3 Kf7 34. Nd1 Nbc4 35. Nxc4 Nxc4 36. Kc2 Ke7 37. a4 Kd7 38. b3 Nd6 39.
Nc3 b5 40. axb5 axb5 41. b4 Kc6 42. Kd2 Nc4+ 43. Kd3 {=} 43... Na3 44. Kd2 Kb6
45. Kd3 1/2-1/2

[Event "4NCL/Div3/SCS vs. NLIB1"]
[Site "West Bromwich ENG"]
[Date "2004.03.28"]
[Round "6.8"]
[White "Owens, Megan R"]
[Black "Hardy-Wallace, Daniel"]
[Result "0-1"]
[WhiteElo "1200"]
[BlackElo "1376"]
[PlyCount "42"]
[EventDate "2004.03.28"]

1. e4 Nc6 2. Nf3 d6 3. d4 Nf6 4. Nc3 Bg4 5. Bc4 e6 6. O-O Be7 7. Be3 d5 8. exd5
exd5 9. Bb3 Na5 10. h3 Nxb3 11. axb3 Bh5 12. Re1 O-O 13. g4 Nxg4 14. hxg4 Bxg4
15. Qe2 a5 16. Kg2 Ra6 17. Rh1 Rf6 18. Qd3 Bxf3+ 19. Kg3 Bd6+ 20. Kh3 Qd7+ 21.
Kh4 Qg4# 0-1

[Event "4NCL/Div3/BRI2 vs. SCS"]
[Site "West Bromwich ENG"]
[Date "2004.05.29"]
[Round "7.1"]
[White "Dilleigh, Stephen P"]
[Black "Dickinson, Timothy R"]
[Result "1/2-1/2"]
[WhiteElo "2163"]
[BlackElo "2177"]
[PlyCount "62"]
[EventDate "2004.05.29"]

1. d4 Nf6 2. c4 e6 3. Nc3 Bb4 4. e3 O-O 5. Bd3 d5 6. Nf3 c5 7. O-O b6 8. cxd5
cxd4 9. exd4 Nxd5 10. Nxd5 exd5 11. Qc2 h6 12. Bf4 Bd6 13. Bxd6 Qxd6 14. Rac1
Ba6 15. Rfd1 Bxd3 16. Rxd3 Re8 17. g3 Nd7 18. Rc3 Qe6 19. Kg2 Nf8 20. Re1 Qg6
21. Qxg6 Nxg6 22. Rxe8+ Rxe8 23. Rc7 Re2 24. Rxa7 Rxb2 25. a4 Nf8 26. a5 Ne6
27. a6 Ra2 28. Ra8+ Kh7 29. a7 Nc7 30. Rb8 Rxa7 31. Rxb6 Ne8 1/2-1/2

[Event "4NCL/Div3/BRI2 vs. SCS"]
[Site "West Bromwich ENG"]
[Date "2004.05.29"]
[Round "7.2"]
[White "Reynolds, D Ian"]
[Black "Curtis, John"]
[Result "1/2-1/2"]
[WhiteElo "2103"]
[BlackElo "2121"]
[PlyCount "32"]
[EventDate "2004.05.29"]

1. e4 d6 2. d4 Nf6 3. Nc3 e5 4. dxe5 dxe5 5. Qxd8+ Kxd8 6. Bg5 Be6 7. O-O-O+
Kc8 8. Nge2 Nbd7 9. f3 c6 10. Be3 Bc5 11. Bxc5 Nxc5 12. b4 Ncd7 13. Kb2 {=}
13... Nb6 14. Nc1 Nc4+ 15. Bxc4 Bxc4 16. Nd3 Bxd3 1/2-1/2

[Event "4NCL/Div3/BRI2 vs. SCS"]
[Site "West Bromwich ENG"]
[Date "2004.05.29"]
[Round "7.3"]
[White "Easton, Alex"]
[Black "Lutton, E Josiah"]
[Result "1-0"]
[WhiteElo "2091"]
[BlackElo "2050"]
[PlyCount "89"]
[EventDate "2004.05.29"]

1. c4 e5 2. Nc3 Nc6 3. g3 f5 4. Bg2 Nf6 5. e3 Be7 6. Nge2 O-O 7. O-O Qe8 8. Nd5
Bd8 9. b4 d6 10. b5 Ne7 11. Nxf6+ Rxf6 12. Bb2 f4 13. exf4 Rh6 14. fxe5 Qh5 15.
h3 Ng6 16. exd6 Bxh3 17. Nf4 Nxf4 18. Qxh5 Rxh5 19. gxf4 Bxg2 20. Kxg2 cxd6 21.
Rfe1 Kf7 22. d3 Rf5 23. Kg3 Ba5 24. Re2 Rf8 25. Rh1 h6 26. Ba3 Rf6 27. Rh5 Re8
28. Rxe8 Kxe8 29. Rd5 Bc7 30. f5 Kf7 31. Bb2 Bd8 32. Bxf6 Bxf6 33. Kg4 Ke7 34.
c5 dxc5 35. Rxc5 Kd6 36. Rc4 b6 37. Kf3 h5 38. Kf4 Bh4 39. Kf3 Bf6 40. Kg3 Ke5
41. Rc7 Kxf5 42. Rxa7 g5 43. Rf7 h4+ 44. Kg2 g4 45. a4 1-0

[Event "4NCL/Div3/BRI2 vs. SCS"]
[Site "West Bromwich ENG"]
[Date "2004.05.29"]
[Round "7.4"]
[White "Poobalasingam, Peter S"]
[Black "Stock, Toby"]
[Result "0-1"]
[WhiteElo "2028"]
[BlackElo "2048"]
[PlyCount "94"]
[EventDate "2004.05.29"]

1. d4 Nf6 2. c4 g6 3. Nc3 Bg7 4. e4 d6 5. f4 O-O 6. Nf3 c5 7. d5 e6 8. Be2 exd5
9. exd5 Bf5 10. O-O Re8 11. Bd3 Qd7 12. a3 Na6 13. Qc2 Nc7 14. Nh4 Bxd3 15.
Qxd3 Ng4 16. Nf3 Nh6 17. b4 Qf5 18. Qd2 Ng4 19. bxc5 dxc5 20. d6 Rad8 21. dxc7
Rxd2 22. Bxd2 Qd3 23. Rae1 Rc8 24. Nd5 Kf8 25. h3 Qxc4 26. Ne7 Rxc7 27. Nxg6+
hxg6 28. hxg4 Qd5 29. f5 Bd4+ 30. Kh1 gxf5 31. Ng5 f6 32. Ne6+ Qxe6 33. Bh6+
Kf7 34. Rxe6 Kxe6 35. gxf5+ Kd5 36. Rf3 c4 37. g4 Rh7 38. Rh3 Be3 39. Rxe3
Rxh6+ 40. Kg2 Kd4 41. Re8 c3 42. Rc8 Rh7 43. Kf3 Kd3 44. g5 fxg5 45. Kg4 c2 46.
Kxg5 Kd2 47. Kg6 Rh1 0-1

[Event "4NCL/Div3/BRI2 vs. SCS"]
[Site "West Bromwich ENG"]
[Date "2004.05.29"]
[Round "7.5"]
[White "Djabri, Kathy"]
[Black "Bland, David"]
[Result "1/2-1/2"]
[WhiteElo "2042"]
[BlackElo "2006"]
[PlyCount "39"]
[EventDate "2004.05.29"]

1. e4 c6 2. d4 d5 3. exd5 cxd5 4. c4 Nf6 5. Nc3 Nc6 6. Nf3 Bg4 7. Be3 e6 8. Be2
dxc4 9. Qa4 Qa5 10. Qxc4 Bb4 11. O-O O-O 12. a3 Bxc3 13. Qxc3 Nd5 14. Qb3 Rfc8
15. Rac1 Qb6 {=} 16. Qc2 Nce7 17. Qd2 Rxc1 18. Rxc1 Rc8 19. h3 Bxf3 20. Bxf3
1/2-1/2

[Event "4NCL/Div3/BRI2 vs. SCS"]
[Site "West Bromwich ENG"]
[Date "2004.05.29"]
[Round "7.6"]
[White "Lutton, J Arnold"]
[Black "Humphreys, Jerry"]
[Result "1/2-1/2"]
[WhiteElo "1680"]
[BlackElo "2088"]
[PlyCount "76"]
[EventDate "2004.05.29"]

1. e4 c5 2. Nc3 Nc6 3. f4 d6 4. Bc4 e6 5. Nf3 Nge7 6. d3 g6 7. O-O Bg7 8. a3
O-O 9. Qe1 Bd7 10. f5 exf5 11. Qh4 Qe8 12. Bh6 Ne5 13. Ng5 Nxc4 14. Bxg7 Kxg7
15. Qxh7+ Kf6 16. exf5 Nxf5 17. Qh4 Rh8 18. Nge4+ Kg7 19. Qf6+ Kg8 20. dxc4 Be6
21. Rae1 Qd8 22. Nd5 Qxf6 23. Nexf6+ Kg7 24. c3 Rad8 25. a4 Rh4 26. Re4 Rxe4
27. Nxe4 Bxd5 28. cxd5 Re8 29. g4 Rxe4 30. gxf5 Rg4+ 31. Kh1 gxf5 32. b3 Kf6
33. Rf3 Re4 34. Kg2 Re2+ 35. Kg3 Rd2 36. c4 Re2 37. h4 Re1 38. Kg2 Re4 1/2-1/2

[Event "4NCL/Div3/BRI2 vs. SCS"]
[Site "West Bromwich ENG"]
[Date "2004.05.29"]
[Round "7.7"]
[White "Boyce, G Michael"]
[Black "Lowry-O'Reilly, Hannah"]
[Result "1/2-1/2"]
[WhiteElo "2000"]
[BlackElo "1590"]
[PlyCount "70"]
[EventDate "2004.05.29"]

1. Nf3 d5 2. c4 dxc4 3. Na3 e6 4. Nxc4 Bc5 5. g3 Ne7 6. Bg2 O-O 7. O-O Nbc6 8.
b3 Nd4 9. Bb2 Nxf3+ 10. Bxf3 Bd4 11. Bxd4 Qxd4 12. e3 Qf6 13. d4 Nd5 14. Rc1
Rb8 15. Qe2 Bd7 16. Ne5 Qd8 17. e4 Ne7 18. Rfd1 Nc6 19. Qc4 Rc8 20. Qc5 a6 21.
Nxc6 Bxc6 22. d5 exd5 23. exd5 Bb5 24. a4 Bd7 25. d6 c6 26. a5 Re8 27. Re1
Rxe1+ 28. Rxe1 Be6 29. b4 Qd7 30. h4 Re8 31. Qe5 Kf8 32. Qc5 Rd8 33. Rd1 Re8
34. Rc1 Rd8 {=} 35. Qb6 Rb8 1/2-1/2

[Event "4NCL/Div3/BRI2 vs. SCS"]
[Site "West Bromwich ENG"]
[Date "2004.05.29"]
[Round "7.8"]
[White "Atkins, Emma"]
[Black "Chaplin, Peter"]
[Result "0-1"]
[WhiteElo "1360"]
[BlackElo "2072"]
[PlyCount "84"]
[EventDate "2004.05.29"]

1. e4 c5 2. Nc3 e6 3. Nf3 d6 4. Bc4 Nc6 5. d3 Nf6 6. Bg5 Be7 7. Bxf6 Bxf6 8.
Qd2 Ne5 9. Nxe5 dxe5 10. Qe3 b6 11. Rd1 O-O 12. Ne2 Bg5 13. Qg3 b5 14. Bb3 Bf6
15. a3 Qc7 16. Nc3 Rb8 17. Rb1 a5 18. O-O Ba6 19. Rfd1 Rfd8 20. Ne2 c4 21. Ba2
cxd3 22. cxd3 b4 23. Rbc1 Qe7 24. a4 Bg5 25. Ra1 b3 26. Bb1 Bf6 27. Qf3 Rb4 28.
Nc3 Rbd4 29. Ne2 R4d7 30. Ra3 Rb7 31. Nc3 {=} 31... Qb4 32. h3 Be7 33. Ra1 Bc5
34. Qe2 Bd4 35. Qd2 Rc8 36. Ne2 Qb6 37. Nc1 Rbc7 38. Ra3 Rc2 39. Bxc2 Rxc2 40.
Qg5 h6 41. Qh5 Bxb2 42. Rxb3 Qxf2+ 0-1

[Event "4NCL/Div3/WGR3 vs. SWD2"]
[Site "West Bromwich ENG"]
[Date "2004.05.29"]
[Round "7.1"]
[White "Pokorna, Regina"]
[Black "Blackburn, Jonathan L B"]
[Result "1-0"]
[WhiteElo "2390"]
[BlackElo "2165"]
[PlyCount "69"]
[EventDate "2004.05.29"]

1. e4 e6 2. d4 d5 3. Nd2 Be7 4. Bd3 c5 5. c3 Nf6 6. e5 Nfd7 7. Ne2 b6 8. Nf4
cxd4 9. cxd4 Nc6 10. Nf3 b5 11. O-O Qb6 12. Be3 a5 13. Rc1 Ba6 14. Re1 O-O-O
15. Qe2 Kb7 16. a4 Na7 17. Bd2 g5 18. axb5 Bxb5 19. Nh5 h6 20. h3 Bxd3 21. Qxd3
Nc6 22. Bc3 Qa6 23. Qe3 Nb6 24. Nd2 Nb4 25. Qf3 Rhf8 26. Nb3 Nd7 27. Red1 Kb8
28. Nf6 Qb5 29. Bxb4 Bxb4 30. Nxd7+ Qxd7 31. Nc5 Qe7 32. Qd3 Ka8 33. Qa6+ Kb8
34. Qb6+ Ka8 35. Na6 1-0

[Event "4NCL/Div3/WGR3 vs. SWD2"]
[Site "West Bromwich ENG"]
[Date "2004.05.29"]
[Round "7.2"]
[White "Spice, Alan"]
[Black "Lee, Graham D"]
[Result "1-0"]
[WhiteElo "2161"]
[BlackElo "2329"]
[PlyCount "59"]
[EventDate "2004.05.29"]

1. Nc3 d5 2. e4 c6 3. d4 dxe4 4. Nxe4 Nd7 5. Bc4 Ngf6 6. Nxf6+ Nxf6 7. c3 Nd5
8. Nf3 Bg4 9. O-O e6 10. Qd3 Bf5 11. Qe2 Bd6 12. Re1 Qc7 13. Ne5 O-O-O 14. Bd3
Bxd3 15. Qxd3 f6 16. Nf3 Rde8 17. c4 Nf4 18. Bxf4 Bxf4 19. g3 Bd6 20. d5 e5 21.
Rac1 c5 22. Nd2 g6 23. Ne4 Rhf8 24. b4 f5 25. Nxd6+ Qxd6 26. Qa3 cxb4 27. Qxa7
Kc7 28. Qa5+ Kb8 29. Rb1 b6 30. Rxb4 1-0

[Event "4NCL/Div3/WGR3 vs. SWD2"]
[Site "West Bromwich ENG"]
[Date "2004.05.29"]
[Round "7.3"]
[White "Grant, Jonathan"]
[Black "May, Frank"]
[Result "1-0"]
[WhiteElo "2251"]
[BlackElo "2146"]
[PlyCount "41"]
[EventDate "2004.05.29"]

1. c4 e6 2. Nc3 d5 3. d4 c6 4. e4 Bb4 5. Bd2 dxe4 6. Nxe4 Qxd4 7. Bxb4 Qxe4+ 8.
Be2 Ne7 9. Nf3 Nd5 10. Nd2 Qd4 11. Ba3 Nf4 12. O-O Nd7 13. Re1 c5 14. Bf1 O-O
15. Qc2 Qd6 16. Rad1 Qc7 17. Ne4 b6 18. b3 Bb7 19. Ng5 Ng6 20. Bb2 h6 21. Nxe6
1-0

[Event "4NCL/Div3/WGR3 vs. SWD2"]
[Site "West Bromwich ENG"]
[Date "2004.05.29"]
[Round "7.4"]
[White "Sully, David"]
[Black "Cutmore, Martin J"]
[Result "1-0"]
[WhiteElo "2119"]
[BlackElo "2120"]
[PlyCount "81"]
[EventDate "2004.05.29"]

1. d4 Nf6 2. Nc3 c5 3. d5 d6 4. e4 g6 5. Nf3 Bg7 6. Bb5+ Bd7 7. a4 O-O 8. O-O
Na6 9. Re1 Nc7 10. Bf1 a6 11. a5 Nb5 12. Nb1 Ne8 13. c3 b6 14. axb6 Qxb6 15.
Nbd2 e5 16. dxe6 Bxe6 17. Nc4 Qc6 18. Bg5 f6 19. Bf4 Rd8 20. Qa4 Nec7 21. Rad1
d5 22. Bxc7 Qxc7 23. Qxa6 Bg4 24. exd5 Bxf3 25. Qe6+ Kh8 26. gxf3 Qf4 27. Qe4
Qg5+ 28. Kh1 f5 29. Qe3 Qh5 30. Bg2 Bh6 31. Qe5+ Bg7 32. Qe7 g5 33. Qxc5 Rb8
34. d6 Bf6 35. d7 g4 36. f4 Bh4 37. Qe5+ Bf6 38. Qe3 Nc7 39. b4 Nb5 40. Ne5 Nc7
41. Nc6 1-0

[Event "4NCL/Div3/WGR3 vs. SWD2"]
[Site "West Bromwich ENG"]
[Date "2004.05.29"]
[Round "7.5"]
[White "Maduekwe, Chiedu"]
[Black "Brown, Alan M"]
[Result "1-0"]
[WhiteElo "2127"]
[BlackElo "2113"]
[PlyCount "91"]
[EventDate "2004.05.29"]

1. d4 Nf6 2. c4 e6 3. Nf3 b6 4. a3 Bb7 5. Nc3 d5 6. cxd5 Nxd5 7. Qc2 Be7 8. e4
Nxc3 9. bxc3 Nd7 10. Bd3 c5 11. O-O O-O 12. Bf4 Rc8 13. Qe2 cxd4 14. cxd4 Nf6
15. Rfd1 Rc3 16. a4 Qa8 17. Re1 Rfc8 18. Bd2 Ra3 19. Rxa3 Bxa3 20. e5 Nd7 21.
Bxh7+ Kf8 22. Ng5 Be7 23. Qh5 Bxg5 24. Bxg5 Rc7 25. Bd3 Ke8 26. Bb5 Bc6 27. d5
Bxb5 28. d6 Rc4 29. axb5 Nf8 30. Be7 Qe4 31. Rd1 Rd4 32. Rc1 Rc4 33. Qd1 Nd7
34. Ra1 Qxe5 35. Rxa7 Qd5 36. Qa1 f6 37. h3 Qxb5 38. Rc7 Rc5 39. Qa8+ Kf7 40.
g3 Qb1+ 41. Kg2 Qb5 42. Qb7 Rd5 43. Rxd7 Kg6 44. Bf8 Qe2 45. Rxg7+ Kf5 46. Rg4
1-0

[Event "4NCL/Div3/WGR3 vs. SWD2"]
[Site "West Bromwich ENG"]
[Date "2004.05.29"]
[Round "7.6"]
[White "Gilbert, Jonathan A"]
[Black "Hasman, Cengiz"]
[Result "0-1"]
[WhiteElo "2074"]
[BlackElo "2032"]
[PlyCount "63"]
[EventDate "2004.05.29"]

1. d4 Nf6 2. c4 g6 3. Nc3 Bg7 4. e4 d6 5. Be2 O-O 6. Nf3 e5 7. O-O exd4 8. Nxd4
Re8 9. f3 Nc6 10. Be3 Nh5 11. Nxc6 bxc6 12. Qd2 Nf6 13. Rad1 Bb7 14. Bg5 Qb8
15. b3 Nd7 16. Be3 Nf8 17. f4 c5 18. Bf3 Ne6 19. f5 Nd4 20. Bh6 Bh8 21. fxg6
hxg6 22. Nd5 c6 23. Ne3 Bc8 24. Nc2 Qc7 25. Be3 Nxf3+ 26. gxf3 Bh3 27. Rf2 Rad8
28. Bf4 Be5 29. Kh1 d5 30. Bg5 f6 31. exd5 fxg5 32. Qxg5 {Time} 0-1

[Event "4NCL/Div3/WGR3 vs. SWD2"]
[Site "West Bromwich ENG"]
[Date "2004.05.29"]
[Round "7.7"]
[White "Cutmore, David A"]
[Black "Powell, Lloyd"]
[Result "0-1"]
[WhiteElo "2102"]
[BlackElo "1992"]
[PlyCount "67"]
[EventDate "2004.05.29"]

1. d4 Nf6 2. c4 g6 3. Nc3 Bg7 4. e4 d6 5. f4 O-O 6. Nf3 c5 7. d5 e6 8. Bd3 exd5
9. cxd5 Re8 10. O-O Nbd7 11. Nd2 a6 12. a4 Qc7 13. Nc4 Rb8 14. a5 b5 15. axb6
Nxb6 16. e5 Bg4 17. Qd2 dxe5 18. d6 Qd7 19. fxe5 Nxc4 20. Bxc4 Rxe5 21. Rxa6
Be6 22. Qd3 Bxc4 23. Qxc4 Rbe8 24. Bf4 Rf5 25. Bg3 Ng4 26. Nd5 Bd4+ 27. Kh1 Ne3
28. Nxe3 Rxe3 29. Ra8+ Kg7 30. Bf2 Rxf2 31. Rxf2 Re1+ 32. Rf1 Qe6 33. Qd3 Qe3
34. Qc4 0-1